| 000 | 00725nam a2200217 i 4500 | ||
|---|---|---|---|
| 001 | 146847 | ||
| 003 | ES-MaACL | ||
| 005 | 20230906201710.0 | ||
| 007 | t| | ||
| 008 | 070918s1973 sp ||||1| spa d | ||
| 080 | _a726.75(649.1 Orotava, La) San Francisco | ||
| 100 | 1 |
_aTrujillo RodrÃguez, Alfonso. _9111581 |
|
| 245 | 1 | 0 |
_aSan Francisco de La Orotava / _cpor Alfonso Trujillo RodrÃguez. |
| 260 |
_aLa Laguna : _bInstituto de Estudios Canarios, _c1973. |
||
| 300 |
_a92 p.,1 plan. pleg. : _bil. ; _c21 cm. |
||
| 490 | 1 | _aMonumentos de Canarias | |
| 710 | 2 |
_aInstituto de Estudios Canarios. _94891 |
|
| 830 | 0 |
_aMonumentos de Canarias _9187432 |
|
| 852 |
_aES-MaACL _jC-56609 _bR.89343 |
||
| 999 |
_c146847 _d146847 |
||